| 000 | 00822cam a22002893a 4500 | ||
|---|---|---|---|
| 001 | 8954 | ||
| 003 | PGUSA | ||
| 005 | 20140828083206.0 | ||
| 008 | 050901s2005||||xxu|||||s|||||000 1 eng d | ||
| 040 |
_aPGUSA _beng |
||
| 042 | _adc | ||
| 050 | 4 | _aPR | |
| 100 | 1 |
_aBraddon, M. E. _q(Mary Elizabeth), _d1835-1915 |
|
| 245 | 1 | 0 |
_aLady Audley's Secret _h[electronic resource] / _cM. E. Braddon |
| 260 |
_bProject Gutenberg, _c2005 |
||
| 506 | _aPublic domain in the USA. | ||
| 516 | _aElectronic text | ||
| 653 | _aDomestic fiction | ||
| 653 | _aMarried women -- Fiction | ||
| 653 | _aEngland -- Fiction | ||
| 653 | _aDeception -- Fiction | ||
| 653 | _aPsychological fiction | ||
| 653 | _aBigamy -- Fiction | ||
| 830 | 0 |
_aProject Gutenberg _v8954 |
|
| 856 | 4 | 0 | _uhttp://www.gutenberg.org/ebooks/8954 |
| 942 | _cEB | ||
| 999 |
_c238238 _d238238 |
||